La condizione della donna /
Guardat en:
| Autor principal: | |
|---|---|
| Altres autors: | |
| Format: | Llibre |
| Idioma: | italià |
| Publicat: |
Torino :
Einaudi,
1977
|
| Edició: | 4. ed |
| Col·lecció: | Nuovo politecnico ;
53 |
| Etiquetes: |
Sense etiquetes, Sigues el primer a etiquetar aquest registre!
|
MARC
| LEADER | 00000nam a22000007i 4500 | ||
|---|---|---|---|
| 001 | IT\ICCU\CAG\1136048 | ||
| 003 | ItRI | ||
| 005 | 20250919171436.0 | ||
| 008 | 060505s1977 it |||||| ||||| |||||c | ||
| 040 | |b ita |c ct | ||
| 041 | 7 | |a ita |2 ISO-639-2 | |
| 100 | 1 | |a Mitchell, Juliet |0 IT\ICCU\RAVV\026414 |4 aut | |
| 245 | 1 | 3 | |a La condizione della donna / |c Julien Mitchell ; traduzione di Giovanna Stefancich. |
| 250 | |a 4. ed | ||
| 260 | |a Torino : |b Einaudi, |c 1977 | ||
| 300 | |a 201 p. ; |c 18 cm | ||
| 500 | |a Complemento del titolo in cop.: Il nuovo femminismo. | ||
| 700 | 1 | |a Stefancich, Giovanna |0 IT\ICCU\RAVV\068549 | |
| 830 | 0 | |a Nuovo politecnico ; |v 53 |0 IT\ICCU\CFI\0000028 | |
| 942 | |2 ddc |c BK | ||
| 952 | |0 0 |1 0 |2 ddc |4 0 |6 B_SSR03MITJUCON11 |7 0 |9 6217 |a MI |b MI |d 2006-10-20 |i 5245 |l 0 |o B-SSR03-MITJU-CON11 |p CDOM5245 |r 2025-07-13 16:28:00 |w 2025-07-13 |x ACQUISTO |y BK | ||
| 981 | 1 | |6 z01 |a i |b xxxe | |
| 982 | 1 | |6 z01 |a n | |
| 999 | |c 4980 |d 4980 | ||